000 00399nam a2200169Ia 4500
008 210210b1994 xxu||||| |||| 00| 0 eng d
020 _a0 600 57964 6
082 _a598 HOLM
100 _aHOLDEN (Peter)
245 _aMigrants and migration.
260 _aLondon
_bHamlyn
_c1994
300 _a48
650 _aBird migration
690 _aBirds
700 _aMIKE (LANGMAN).
906 _a060291
999 _c107148
_d107148